Statistics for Movies by Couple (Actors)

Click here to take the quiz!

General Stats

  • This quiz has been taken 71 times
  • The average score is 9 of 18

Answer Stats

ActorsMovie% Correct
Leonardo DiCaprio and Kate WinsletTitanic
97%
Kristen Stewart and Robert PattinsonTwilight
92%
Rupert Grint and Emma WatsonHarry Potter
89%
Emma Stone and Ryan GoslingLa La Land
85%
Jennifer Lawrence and Josh HutchersonThe Hunger Games
82%
Leonardo DiCaprio and Claire DanesRomeo + Juliet
65%
Dakota Johnson and Jamie Dornan50 Shades of Grey
63%
Johnny Depp and Winona RyderEdward Scissorhands
63%
Emma Stone and Ryan GoslingCrazy Stupid Love
48%
Ansel Elgort and Shailene WoodleyThe Fault in our Stars
48%
Johnny Depp and Helena Bonham CarterSweeney Todd: The Demon Barber of Fleet Street
44%
Zooey Deschanel and Joseph Gordon Levitt(500) Days of Summer
37%
Alicia Vikander and Eddie RedmayneThe Danish Girl
32%
Nicole Kidman and Jude LawCold Mountain
29%
Leslie Mann and Paul RuddThis is 40
27%
Johnny Depp and Helena Bonham CarterCorpse Bride
18%
Kate Winslet and Idris ElbaThe Mountain Between Us
18%
Nat Wolff and Cara DeleveignePaper Towns
11%

Score Distribution

Percentile by Number Answered

Percent of People with Each Score

Your Score History

You have not taken this quiz